Gendai sangyō seisaku no riron : sangyō seisaku no kihon shiten /
Saved in:
| Main Author: | |
|---|---|
| Format: | Book |
| Language: | Japanese |
| Published: |
Tōkyō :
Shinhyōron,
1979.
|
| Subjects: | |
| Tags: |
Add Tag
No Tags, Be the first to tag this record!
|
| LEADER | 00886nam a2200253 a 4500 | ||
|---|---|---|---|
| 001 | 007770073-2 | ||
| 005 | 20024617122053.0 | ||
| 008 | 971216s1979 ja a b 000 0 jpn d | ||
| 035 | 0 | |a ocm38095371 | |
| 040 | |a CU |c CU |d *YNH* |d CStRLIN | ||
| 043 | |a a-ja--- | ||
| 100 | 1 | |6 880-01 |a Izumi, Mitsuyoshi, |d 1910- | |
| 245 | 1 | 0 | |6 880-02 |a Gendai sangyō seisaku no riron : |b sangyō seisaku no kihon shiten / |c Izumi Mitsuyoshi. |
| 260 | |6 880-03 |a Tōkyō : |b Shinhyōron, |c 1979. | ||
| 300 | |a 209 p. : |b ill. ; |c 20 cm. | ||
| 504 | |a Includes bibliographical references. | ||
| 500 | |a Errata slip inserted. | ||
| 650 | 0 | |a Industrial policy. | |
| 650 | 0 | |a Industrial policy |z Japan. | |
| 880 | 1 | |6 100-01 |a 泉三義, |d 1910- | |
| 880 | 1 | 0 | |6 245-02 |a 現代産業政策の理論 : |b 産業政策の基本視点 / |c 泉三義. |
| 880 | |6 260-03 |a 東京 : |b 新評論, |c 1979. | ||
| 988 | |a 20021221 | ||
| 906 | |0 OCLC | ||


